000 01133cam a2200277 a 4500
999 _c233716
_d233716
001 12136283
003 Nust
005 20170310115356.0
008 000809r19991966enk a b 000 0 eng
010 _a 00699834
020 _a9780340956496
040 _aDLC
_cDLC
_dDLC
043 _ae-uk---
_ae-gw---
050 0 0 _aD756.5.B7
_bC66 1999
082 0 0 _a823.92
_bMUC
100 1 _a Muchamore, Robert,
_d1924-1996.
245 1 0 _aEagle Day /
_cBobert Muchamore.
260 _aLondon :
_bCassell,
_c1999.
300 _a405 p. :
_bill., maps ;
_c21 cm.
504 _aIncludes bibliographical references
650 0 _aHistorical fiction, English.
856 4 2 _3Contributor biographical information
_uhttp://www.loc.gov/catdir/bios/orion051/00699834.html
856 4 2 _3Publisher description
_uhttp://www.loc.gov/catdir/description/ste021/00699834.html
906 _a7
_bcbc
_corigcop
_d2
_encip
_f20
_gy-gencatlg
942 _2ddc
_cBK